000 00356pab a2200133 454500
008 180718b2002 xxu||||| |||| 00| 0 eng d
100 _aZamir, Jameel
245 _aQuality of care in health services: the clients' perspective
260 _c2002
300 _ap.22-36.
650 _aHealth services
773 _aJournal of Family Welfare
909 _a56689
999 _c56689
_d56689